الإفراج الشرطى فى القانون الجنائى : (Record no. 58294)
[ view plain ]
| 000 -LEADER | |
|---|---|
| fixed length control field | 02548nam a2200373 i 4500 |
| 003 - CONTROL NUMBER IDENTIFIER | |
| control field | EG-GICUC |
| 005 - DATE AND TIME OF LATEST TRANSACTION | |
| control field | 20260221120532.0 |
| 008 - FIXED-LENGTH DATA ELEMENTS--GENERAL INFORMATION | |
| fixed length control field | 260120s2018 ua |||fr|||| 00| 0 ara d |
| 017 ## - COPYRIGHT OR LEGAL DEPOSIT NUMBER | |
| Copyright or legal deposit number | 21369/2017 |
| 020 ## - INTERNATIONAL STANDARD BOOK NUMBER | |
| International Standard Book Number | 9789777612487 |
| 040 ## - CATALOGING SOURCE | |
| Original cataloging agency | EG-GICUC |
| Language of cataloging | ara |
| Transcribing agency | EG-GICUC |
| Modifying agency | EG-GICUC |
| Description conventions | rda |
| 041 0# - LANGUAGE CODE | |
| Language code of text/sound track or separate title | Ara |
| 082 04 - DEWEY DECIMAL CLASSIFICATION NUMBER | |
| Edition number | 21 |
| Classification number | 343.7682 |
| Item number | ف ر . إ |
| 092 04 - LOCALLY ASSIGNED DEWEY CALL NUMBER (OCLC) | |
| Edition number | 21 |
| 099 ## - LOCAL FREE-TEXT CALL NUMBER (OCLC) | |
| Classification number | Law1 10 343.7682 ف ر إ 2018 |
| 100 0# - MAIN ENTRY--PERSONAL NAME | |
| Personal name | فرحان صالح على الراشدى |
| Relator term | مؤلف. |
| 245 12 - TITLE STATEMENT | |
| Title | الإفراج الشرطى فى القانون الجنائى : |
| Remainder of title | دراسة مقارنة/ |
| Statement of responsibility, etc. | تأليف الدكتور فرحان صالح على الراشدى. |
| 250 ## - EDITION STATEMENT | |
| Edition statement | الطبعة الأولى |
| 264 #1 - PRODUCTION, PUBLICATION, DISTRIBUTION, MANUFACTURE, AND COPYRIGHT NOTICE | |
| Place of production, publication, distribution, manufacture | القاهرة : |
| Name of producer, publisher, distributor, manufacturer | المركز القومى للإصدارات القانونية، |
| Date of production, publication, distribution, manufacture, or copyright notice | 2018. |
| 300 ## - PHYSICAL DESCRIPTION | |
| Extent | 324 صفحة |
| Dimensions | 24 سم. |
| 336 ## - CONTENT TYPE | |
| Source | rda content |
| Content type term | text |
| 337 ## - MEDIA TYPE | |
| Source | rda media |
| Media type term | Computer |
| 338 ## - CARRIER TYPE | |
| Source | rda carrier |
| Carrier type term | Online Resource |
| 500 ## - GENERAL NOTE | |
| General note | التطور التاريخى للإفراج الشرطى - العقوبة السالبة للحرية فى الشريعة الإسلامية - موقف التشريعات المقارنة من نظام الإفراج الشرطى - الأحكام العامة لنظام الإفراج الشرطى - شروط الإفراج الشرطى - موقف التشريعات من الشروط المتعلقة بالجريمة - الإفراج الشرطى وإيقاف تنفيذ العقوبة - تهيئة المحكوم عليه للإفراج الشرطى وإجراءات إصداره - التعليم والتعذيب داخل المؤسسات العقابية - التأهيل المهني للمحكوم عليه - إجراءات إصدار قرار الإفراج الشرطى - الآثار التى تترتب على صدور الإفراج الشرطى - وشروط الإلتزامات التى تفرج على المفرج عنه شرطيا - موقف التشريعات المقارنة من الإلتزامات - الرعاية اللاحقة - موقف التشريعات المقارنة من الرعاية اللاحقة - إنهاء الإفراج الشرطى وإجراءاته |
| 504 ## - BIBLIOGRAPHY, ETC. NOTE | |
| Bibliography, etc. note | ببليوجرافيا: صفحات296-309. |
| 546 ## - LANGUAGE NOTE | |
| Language note | النص باللغة العربية |
| 650 1# - SUBJECT ADDED ENTRY--TOPICAL TERM | |
| Source of heading or term | qrmak |
| 650 1# - SUBJECT ADDED ENTRY--TOPICAL TERM | |
| Topical term or geographic name entry element | الإفراج تحت شرط |
| Source of heading or term | qrmak |
| 650 1# - SUBJECT ADDED ENTRY--TOPICAL TERM | |
| Topical term or geographic name entry element | القانون الجنائى |
| Source of heading or term | qrmak |
| 651 1# - SUBJECT ADDED ENTRY--GEOGRAPHIC NAME | |
| Source of heading or term | qrmak |
| 856 40 - ELECTRONIC LOCATION AND ACCESS | |
| Uniform Resource Identifier | <a href="https://fll.law.cu.edu.eg/fulltext/bks/B10-07865.pdf">https://fll.law.cu.edu.eg/fulltext/bks/B10-07865.pdf</a> |
| 905 ## - Cataloger and Reviser Names | |
| Cataloger Name: | Yasmin Sayed |
| 942 ## - ADDED ENTRY ELEMENTS (KOHA) | |
| Source of classification or shelving scheme | Dewey Decimal Classification |
| Koha item type | Books |
| Edition | 21 |
| Suppress in OPAC | No |
| Withdrawn status | Lost status | Source of classification or shelving scheme | Damaged status | Not for loan | Collection | Home library | Current library | Date acquired | Total checkouts | Full call number | Barcode | Date last seen | Copy number | Price effective from | Koha item type |
|---|---|---|---|---|---|---|---|---|---|---|---|---|---|---|---|
| Dewey Decimal Classification | Not for loan | القانون الجنائي | جــــامعة القــاهرة | مكتبة كلية الحقوق - المبنى الرئيسي | 20.01.2026 | Law1 10 343.7682 ف ر إ 1 ed - 2018 1007865 C1 | B10-07865 | 20.01.2026 | 1 | 20.01.2026 | Books |